Vida privada : novel·la / Josep Maria de Sagarra novel·la / Josep Maria de Sagarra
Descripción Física:
2 v. ; 19'5 cm
MARC
| LEADER | 00000nam a2200000Ia 4500 | ||
|---|---|---|---|
| 001 | 11697, 11698 | ||
| 008 | 160829s1932 xx 000 0 cat d | ||
| 080 | |a L-1-114, L-1-115 | ||
| 100 | 1 | |a Sagarra, Josep M. de, |d 1894-1961 |e autor |9 56454 | |
| 245 | |a Vida privada : |b novel·la / Josep Maria de Sagarra | ||
| 260 | |a Barcelona : |b Llibreria Catalònia, |c 1932 | ||
| 300 | |a 2 v. ; |c 19'5 cm | ||
| 590 | |a Premi Creixells 1932. | ||
| 590 | |a Prové de 4165, exp. 15 | ||
| 866 | |a 1, 2 | ||
| 901 | |a Arxiu | ||
| 942 | |n 1 |2 udc | ||
| 952 | |0 0 |1 0 |4 0 |6 L1114_L1115 |7 1 |9 53728 |a Arxiu |b Arxiu |d 2016-12-01 |l 0 |o L-1-114, L-1-115 |p 11697, 11698 |r 2016-12-01 00:00:00 |w 2016-12-01 |y ARXIU | ||
| 999 | |c 57594 |d 57594 | ||